A learning college for the 21st century / (Record no. 948)

MARC details
000 -LEADER
fixed length control field 00707nam a2200217 ar4500
001 - CONTROL NUMBER
control field 948
005 - DATE AND TIME OF LATEST TRANSACTION
control field 20221127090056.0
008 - FIXED-LENGTH DATA ELEMENTS--GENERAL INFORMATION
fixed length control field 080719s xxu 00110|eng d
020 ## - INTERNATIONAL STANDARD BOOK NUMBER
International Standard Book Number 1573561134 :
Terms of availability SR201.00
082 04 - DEWEY DECIMAL CLASSIFICATION NUMBER
Classification number 378.0520973
Item number Ob1 1997
100 1# - MAIN ENTRY--PERSONAL NAME
Personal name O'Banion, Jerry.
245 12 - TITLE STATEMENT
Title A learning college for the 21st century /
Statement of responsibility, etc. J. O'Banion.
260 ## - PUBLICATION, DISTRIBUTION, ETC.
Place of publication, distribution, etc. Phoenix, Ariz. :
Name of publisher, distributor, etc. American Council on Education :
-- Oryx Press,
Date of publication, distribution, etc. 1997.
300 ## - PHYSICAL DESCRIPTION
Extent xx, 260 p. ;
Dimensions 23 cm.
440 #0 - SERIES STATEMENT/ADDED ENTRY--TITLE
Title Oryx Press series on higher education.
504 ## - BIBLIOGRAPHY, ETC. NOTE
Bibliography, etc. note Includes bibl. references and index.
650 #4 - SUBJECT ADDED ENTRY--TOPICAL TERM
Topical term or geographic name entry element Community college
Geographic subdivision United States.
650 #4 - SUBJECT ADDED ENTRY--TOPICAL TERM
Topical term or geographic name entry element Learning.
650 #4 - SUBJECT ADDED ENTRY--TOPICAL TERM
Topical term or geographic name entry element College teaching.
650 #4 - SUBJECT ADDED ENTRY--TOPICAL TERM
Topical term or geographic name entry element Education, Higher.
Holdings
Withdrawn status Lost status Source of classification or shelving scheme Damaged status Not for loan Home library Current library Date acquired Total Checkouts Full call number Barcode Date last seen Copy number Price effective from Koha item type
          CENTRAL CENTRAL 11/27/2022   378.0520973 Ob1 1997 1000000000590 11/27/2022 C1 11/27/2022 Book